Statistics for Liar - Camila Cabello - All Lyrics

Click here to take the quiz!

General Stats

  • This quiz has been taken 26 times
  • The average score is 305 of 377

Answer Stats

Answer% Correct
liar
100%
a
94%
for
94%
go,
94%
huh
94%
huh,
94%
Huh,
94%
I
94%
(I
94%
it
94%
it?
94%
Nah,
94%
no)
94%
(No,
94%
no,
94%
no
94%
Oh
94%
(Oh
94%
oh
94%
ooh)
94%
The
94%
the
94%
Uh
94%
Uh,
94%
you
94%
you,
94%
but
88%
But
88%
don't
88%
me
88%
me?
88%
there
88%
your
88%
(Ah)
82%
can't
82%
fire
82%
Got
82%
making
82%
too
82%
want
82%
when
82%
begging
76%
get
76%
it's
76%
It’s
76%
more
76%
said
76%
that
76%
won't
76%
you're
76%
You're
76%
care,
71%
care
71%
kinda
71%
like
71%
not
71%
stop
71%
though
71%
way
71%
alone
65%
as
65%
close,
65%
control,
65%
gone
65%
good
65%
happen
65%
happen)
65%
here
65%
long
65%
lose
65%
say
65%
Startin'
65%
startin'
65%
up
65%
been
59%
didn't
59%
(Hey)
59%
if
59%
lips
59%
on
59%
So,
59%
Yeah,
59%
Yeah
59%
(Yeah,
59%
(Yeah)
59%
yeah
59%
yeah,
59%
yeah)
59%
feel
53%
know
53%
my
53%
need
53%
Or
53%
we
53%
what
53%
And
47%
believe
47%
kiss
47%
let
47%
myself
47%
shouldn't
47%
Another
41%
are
41%
move
41%
stay
41%
think
41%
wanna
41%
watching,
41%
hands
35%
one
35%
clothes
29%
floor
29%
picture
29%
sees
29%
trouble,
29%
'cause
24%
comes
24%
slow
24%
whisper
24%

Score Distribution

Percentile by Number Answered

Percent of People with Each Score

Your Score History

You have not taken this quiz